000
00285nam a2200121Ia 4500
008
220216s9999 xx 000 0 und d
100
_a
J Jacob
245
0
_a
Ketto, rubberinu 100 roopa mathiyennu
260
_b
Karshakasree
_c
2018
300
_a
56-57
650
_a
Rubber
942
_c
JS
999
_c
61854
_d
61854